Bébés Pokémon - Statistiques

Statistiques générales
  • Ce quiz a été pris 205 fois
    197 depuis la dernière actualisation
  • Le résultat moyen est 14 sur 19
Statistiques - réponses
Gen Pokemon % Correct
2 Pichu
92%
2 Toudoudou
92%
2 Melo
87%
2 Elekid
86%
2 Magby
84%
2 Togepi
82%
4 Ptiravi
80%
2 Lippouti
78%
4 Mime jr
71%
3 Azurill
67%
4 Goinfrex
67%
4 Manzai
67%
4 Rozbouton
66%
4 Babimanta
65%
3 Okeoke
61%
4 Riolu
60%
2 Debugant
54%
8 Toxizap
50%
4 Korillon
48%
Aucun quiz correspondant
Distribution des résultats
% des personnes avec chaque résultat
Percentile par nombre de réponses
Votre historique - résultats
Vous n’avez pas pris ce quiz depuis la dernière actualisation